<?xml version="1.0" encoding="UTF-8"?>
<record
    xmlns:xsi="http://www.w3.org/2001/XMLSchema-instance"
    xsi:schemaLocation="http://www.loc.gov/MARC21/slim http://www.loc.gov/standards/marcxml/schema/MARC21slim.xsd"
    xmlns="http://www.loc.gov/MARC21/slim">

  <leader>00752nam a2200205   4500</leader>
  <controlfield tag="001">85739</controlfield>
  <controlfield tag="003">BD-RjUL</controlfield>
  <controlfield tag="005">20250918105100.0</controlfield>
  <controlfield tag="008">250918s1967    pk ||||| |||| 00| 0 urd d</controlfield>
  <datafield tag="035" ind1=" " ind2=" ">
    <subfield code="a">(BD-RjUL)85739</subfield>
  </datafield>
  <datafield tag="040" ind1=" " ind2=" ">
    <subfield code="a">BD-RjUL</subfield>
    <subfield code="b">eng</subfield>
    <subfield code="c">BD-RjUL</subfield>
  </datafield>
  <datafield tag="041" ind1=" " ind2=" ">
    <subfield code="a">urd</subfield>
  </datafield>
  <datafield tag="082" ind1=" " ind2=" ">
    <subfield code="2">23</subfield>
    <subfield code="a">297.092</subfield>
    <subfield code="b">FAI 1967</subfield>
  </datafield>
  <datafield tag="100" ind1=" " ind2=" ">
    <subfield code="a"> &#x641;&#x627;&#x636;&#x644;&#x60C;  &#x633;&#x6CC;&#x62F; &#x645;&#x62D;&#x645;&#x62F; &#x639;&#x628;&#x62F;&#x627;&#x644;&#x631;&#x634;&#x6CC;&#x62F; ;; Fazil, Syed Mohammad Abdul Rasheed</subfield>
    <subfield code="9">16932</subfield>
  </datafield>
  <datafield tag="245" ind1="1" ind2="0">
    <subfield code="a">&#x627;&#x642;&#x628;&#x627;&#x644; &#x627;&#x648;&#x631; &#x639;&#x634;&#x642; &#x631;&#x633;&#x627;&#x644;&#x62A; &#x645;&#x627;&#x62A; ;; aqbal our ashq rasalt mat /</subfield>
    <subfield code="c">&#x633;&#x6CC;&#x62F; &#x645;&#x62D;&#x645;&#x62F; &#x639;&#x628;&#x62F;&#x627;&#x644;&#x631;&#x634;&#x6CC;&#x62F; &#x641;&#x627;&#x636;&#x644; ;; Syed Muhammad Abdul Rasheed Fazil</subfield>
  </datafield>
  <datafield tag="264" ind1=" " ind2=" ">
    <subfield code="a">Karachi : </subfield>
    <subfield code="b">Tanwirat ilm i adb , </subfield>
    <subfield code="c">1967</subfield>
  </datafield>
  <datafield tag="300" ind1=" " ind2=" ">
    <subfield code="a">183 p. ;</subfield>
    <subfield code="c">17 cm</subfield>
  </datafield>
  <datafield tag="600" ind1=" " ind2=" ">
    <subfield code="a">&#x627;&#x642;&#x628;&#x627;&#x644; </subfield>
    <subfield code="x">&#x641;&#x6A9;&#x631; &#x648; &#x641;&#x644;&#x633;&#x641;&#x6C1;</subfield>
    <subfield code="9">16933</subfield>
  </datafield>
  <datafield tag="942" ind1=" " ind2=" ">
    <subfield code="2">ddc</subfield>
    <subfield code="c">BK</subfield>
  </datafield>
  <datafield tag="999" ind1=" " ind2=" ">
    <subfield code="c">85739</subfield>
    <subfield code="d">85739</subfield>
  </datafield>
  <datafield tag="952" ind1=" " ind2=" ">
    <subfield code="0">0</subfield>
    <subfield code="1">0</subfield>
    <subfield code="2">ddc</subfield>
    <subfield code="4">0</subfield>
    <subfield code="7">1</subfield>
    <subfield code="8">NFIC</subfield>
    <subfield code="a">RUCL</subfield>
    <subfield code="b">RUCL</subfield>
    <subfield code="c">Reading</subfield>
    <subfield code="d">1967-05-17</subfield>
    <subfield code="e">Sh. Mubarak ali</subfield>
    <subfield code="g">4.00</subfield>
    <subfield code="l">0</subfield>
    <subfield code="o">U 297.092 FAI 1967</subfield>
    <subfield code="r">2025-09-18 00:00:00</subfield>
    <subfield code="t">C-1</subfield>
    <subfield code="w">2025-09-18</subfield>
    <subfield code="y">BK</subfield>
  </datafield>
</record>
